Religion catholique : saint Pierre - Statistiques

Statistiques générales
  • Ce quiz a été pris 140 fois
  • Le résultat moyen est 11 sur 20
Statistiques - réponses
Questions Réponses % Correct
Nombre de fois que saint Pierre renia le Christ avant la crucifixion. Trois fois
95%
Complétez ce jeu de mots du Christ (qui existe aussi bien en français qu'en araméen) : "Et Moi, Je te dis que tu es Pierre, et sur cette pierre, Je bâtirai mon ____, et les portes de l’enfer ne prévaudront point contre elle." (Matthieu 16.18) Église
94%
Animaux par lesquels Jésus Christ appellent Ses disciples. Après Sa résurrection, Il demanda à Pierre de les paître et de les diriger. Implicitement, Il lui pardonna ses reniements passés. Des brebis / Des agneaux
92%
Objet donnant accès au Paradis que Jésus Christ remit à saint Pierre. Les clefs
91%
Prénom d'origine de saint Pierre. Simon
90%
Titre du chef de l'Église catholique, saint Pierre fut le premier après l'Ascension du Christ. Le Pape
88%
Animal qui chanta après le dernier reniement de saint Pierre. Un coq
86%
Activité qui était probablement le métier de saint Pierre. La pêche
81%
Édifice religieux romain nommé d'après saint Pierre. Une basilique
65%
Apôtre, frère de saint Pierre, le premier à connaître Jésus Christ. Saint André
58%
Lac sur lequel saint Pierre voguait dans sa barque lorsque Jésus le rencontra, scène décrite dans l'Évangile selon saint Luc, au chapitre V. Le Lac de Tibériade
55%
Officier de l'armée romaine commandant une unité de cent hommes au bas mot. Corneille, le premier non-Juif converti au catholicisme, baptisé par saint Pierre, était un de ces officiers. Un centurion
49%
Curé fictif italien incarné par Fernandel dans un film de Julien Duvivier (1952), à qui Jésus disait : "Les hommes ne sont que des hommes. Souviens-toi de Pierre, il M'a trahi aussi ..." Don Camillo
38%
Ville dans laquelle se tint un concile vers l'an 49/50 au cours duquel saint Pierre rappela : " Frères, vous savez que Dieu, il y a longtemps déjà, a fait son choix parmi vous, afin que, par ma bouche, les Gentils [les non-Juifs] entendissent la parole de l'Evangile et devinssent croyants." (Actes 15.7) Jérusalem
34%
Empereur romain incarné par Peter Ustinov dans le film précédent, qui persécutait les chrétiens et sous le règne duquel, selon la Tradition, saint Pierre fut crucifié à Rome, la tête en bas. Néron
31%
Complétez ces versets de l'Évangile selon saint Luc (22.31-32) dans lesquels Jésus Christ s'adressa à saint Pierre :
« ...voici que Satan vous a réclamés pour vous cribler comme le froment ; mais J’ai prié pour toi, afin que ta foi ne ______ point ; et toi, quand tu seras converti, affermis tes frères.
Défaille
21%
Film de Robert Dhery (1967) dans lequel l'Abbé Castagner (Jacques Legras) dit dans un sermon : "Saint Pierre qui m'avait reconnu, me demanda : 'vous êtes bien l'abbé Castagner ?' Je répondis 'oui' mais je remarquai sur ses lèvres, un sourire. 'Monsieur le curé, savez-vous comment on appelle votre église ici ?' 'Non, grand saint Pierre.' 'On l'appelle Notre-Dame des Courants d'air'". Le Petit baigneur
12%
Péplum de Mervyn LeRoy basé sur le roman éponyme de Henryk Sienkiewicz, film dans lequel saint Pierre est incarné par l'Écossais Finlay Currie. Quo Vadis
11%
Artiste-peintre lombard qui produisit le tableau "Le Crucifiement de saint Pierre" vers 1600, illustrant le martyre de l'apôtre. Michelangelo Merisi da Caravaggio dit "Le Caravage"
10%
Nouvelle d'Alphonse Daudet dans laquelle le personnage principal demanda à saint Pierre combien d'âmes de son village, se trouvaient au Paradis. Le Curé de Cucugnan
9%
Aucun quiz correspondant
Distribution des résultats
% des personnes avec chaque résultat
Percentile par nombre de réponses
Votre historique - résultats
Vous n’avez pas pris ce quiz